Chumbivilcas, reino de semidioses / (Record no. 23136)

000 -CABECERA
fixed length control field 01023nam a22002177i 4500
003 - IDENTIFICADOR DEL NÚMERO DE CONTROL
control field AR-CdUCM
008 - DATOS DE LONGITUD FIJA--INFORMACIÓN GENERAL
fixed length control field 241115b20212021 pe||||| |||| 00| 0 spa d
040 ## - FUENTE DE LA CATALOGACIÓN
Agencia/entidad que catalogó originalmente la obra MUNICIPALIDAD PROVINCIAL DEL CUSCO
Entidad que transcribió la catalogación BIBLIOTECA MUNICIPAL DEL CUSCO
082 ## - NÚMERO DE LA CLASIFICACIÓN DECIMAL DEWEY
No. de Clasificación 985.613 / M84
Notacion interna M84
100 ## - ENTRADA PRINCIPAL--NOMBRE DE PERSONA
Nombre Personal Montes Ataucuri, W. Edmundo
245 ## - MENCIÓN DE TÍTULO
Título Chumbivilcas, reino de semidioses /
260 ## - PUBLICACIÓN, DISTRIBUCIÓN, ETC.
Lugar de publicación, distribución, etc. Cusco :
Fecha de publicación, distribución, etc. 2021
300 ## - DESCRIPCIÓN FÍSICA
Nº de Páginas Extensión 142 páginas. :
Dimensiones 21 cm.
505 ## - NOTA DE CONTENIDO CON FORMATO
Nota de contenido formateada Chumbivilcas, pueblo de mellizos -- Hipótesis arcaicas sobre la etimología de la palabra Chumbivilcas -- Significado de las palabras chunpi y ch´unpi -- Significado de la palabra willka -- mitos -- Jerarquía de los willkas o sacerdotes incas según Blas Valera -- Religiosos andinos -- Alqa-wisas, sacerdotes mellizos -- Los chhuchus o qorirasus -- Las etnias prehispánicas de Chumbivilcas
650 ## - PUNTO DE ACCESO ADICIONAL DE MATERIA--TÉRMINO DE MATERIA
Descriptor Información
9 (RLIN) 23515
650 ## - PUNTO DE ACCESO ADICIONAL DE MATERIA--TÉRMINO DE MATERIA
Descriptor Tradiciones
9 (RLIN) 229
650 ## - PUNTO DE ACCESO ADICIONAL DE MATERIA--TÉRMINO DE MATERIA
Descriptor Naturaleza
9 (RLIN) 4241
942 ## - ELEMENTOS DE PUNTO DE ACCESO ADICIONAL (KOHA)
Fuente de clasificación
Tipo de item Libros-BMC
945 ## - PROCESAMIENTO DE INFORMACIÓN LOCAL (OCLC)
Catalogador pbj
AAAA-MM-DD - Fecha de ingreso o modificacion 15-11-2024
Holdings
Estado de retiro (separado) Fuente de clasificación o esquema de estanterías Estado dañado Ubicación Sala donde se ubica Nombre de la colección Fecha de adquisición o compra Fuente de adquisición Costo, precio normal en soles Signatura topográfica Código de Barras Última vez visto (Koha) Tipo de ítem (Koha)
No     Sala Humanidades Sala Humanidades Book Cart 2024-11-15 Donación 20.00 985.613 / M84 SH0000016865 2024-11-15 Libros-BMC

Powered by Koha